000 00743cam a2200253 4500500
005 20260329003848.0
041 _afre
042 _adc
100 1 0 _aLegros, Martin
_eauthor
245 0 0 _aBenoît Schneckenburger. Gardien du corps politique
260 _c2017.
500 _a74
690 _aBenoît Schneckenburger
690 _aHelvétius
690 _aHobbes
690 _aJean-Luc Mélenchon
690 _aLa Mettrie
690 _aMartin Legros
690 _aMatérialisme
690 _aphilosophie
690 _aPolitique
786 0 _nPhilosophie magazine | 110 | 6 | 2017-06-01 | p. 4-4 | 1951-1787
856 4 1 _uhttps://shs.cairn.info/magazine-philosophie-magazine-2017-6-page-4?lang=fr&redirect-ssocas=7080
999 _c1828460
_d1828460